[Event "BOL-ch"]
[Site "Santa Cruz"]
[Date "2021.12.19"]
[Round "9"]
[White "Avila, Carlos Alejandro"]
[Black "Cueto Chajtur, Johny"]
[Result "1/2-1/2"]
[WhiteElo "1967"]
[BlackElo "2241"]
[PlyCount "57"]
[EventDate "2021.12.15"]
[EventType "tourn"]
[EventRounds "9"]
[EventCountry "BOL"]
[SourceTitle "CBM 205 Extra"]
[Source "ChessBase"]
[SourceDate "2022.01.31"]
[SourceVersion "1"]
[SourceVersionDate "2022.01.31"]
[SourceQuality "1"]

1. e4 g6 2. d4 Bg7 3. c3 d5 4. exd5 Qxd5 5. Qf3 Nf6 6. Qxd5 Nxd5 7. Bc4 Nb6 8. Bb3 Nc6 9. f4 Bf5 10. Nf3 Na5 11. Bd1 0-0 12. 0-0 Nac4 13. b3 Nd6 14. Ba3 Nd5 15. Re1 Rfe8 16. g3 Bxb1 17. Rxb1 Nxc3 18. Rc1 Nxd1 19. Rexd1 c6 20. d5 Nb5 21. Bb4 a5 22. Be1 Red8 23. dxc6 Rxd1 24. cxb7 Rdd8 25. bxa8Q Rxa8 26. a4 Nd4 27. Nxd4 Bxd4+ 28. Bf2 Bxf2+ 29. Kxf2 1/2-1/2

[Event "BOL-ch"]
[Site "Santa Cruz"]
[Date "2021.12.18"]
[Round "7"]
[White "Avila, Carlos Alejandro"]
[Black "Ticona Rocabado, Licael Roderick"]
[Result "0-1"]
[WhiteElo "1967"]
[BlackElo "1915"]
[PlyCount "154"]
[EventDate "2021.12.15"]
[EventType "tourn"]
[EventRounds "9"]
[EventCountry "BOL"]
[SourceTitle "CBM 205 Extra"]
[Source "ChessBase"]
[SourceDate "2022.01.31"]
[SourceVersion "1"]
[SourceVersionDate "2022.01.31"]
[SourceQuality "1"]

1. e4 e6 2. d4 d5 3. exd5 exd5 4. Bd3 Nf6 5. Nf3 Bd6 6. 0-0 0-0 7. c4 dxc4 8. Bxc4 Bg4 9. b3 Nc6 10. Bb2 Nb4 11. Nc3 c6 12. Be2 Nbd5 13. Ne5 Nxc3 14. Bxc3 Bxe2 15. Qxe2 Nd5 16. Bb2 f6 17. Nc4 Bc7 18. Qf3 Qd7 19. Rfe1 Rfe8 20. g3 Rad8 21. Rac1 Re6 22. Rxe6 Qxe6 23. Ne3 Nb4 24. Nf5 g6 25. Nh6+ Kg7 26. Ng4 h5 27. Ne3 Rd7 28. Ng2 Re7 29. a3 Nd5 30. b4 Qe2 31. Qb3 Qd2 32. Rd1 Qg5 33. b5 Re2 34. bxc6 bxc6 35. Qb7 Qf5 36. Rf1 Qc2 37. Bc1 Re7 38. Qc8 Nb6 39. Qh3 Qd3 40. Be3 Re4 41. a4 Qa3 42. g4 Qe7 43. gxh5 Qe6 44. Qxe6 Rxe6 45. hxg6 Nd5 46. Re1 Kxg6 47. Nh4+ Kh5 48. Nf3 Ba5 49. Bd2 Rxe1+ 50. Bxe1 Bxe1 51. Nxe1 Nc3 52. a5 Ne2+ 53. Kg2 Nxd4 54. Nd3 Nb3 55. a6 c5 56. Nb2 Kg4 57. f3+ Kf4 58. Kf2 Nc1 59. Nc4 Nd3+ 60. Ke2 Nb4 61. Nb6 Nxa6 62. Nc8 Nc7 63. Nxa7 Ne6 64. Nb5 Ng5 65. Nc3 Nxf3 66. Nd5+ Ke5 67. Nb6 Nd4+ 68. Kd3 f5 69. Kc4 Ne6 70. h4 f4 71. h5 Kf5 72. Kd3 Kg5 73. Ke4 Kxh5 74. Nd5 Kg5 75. Ke5 f3 76. Kxe6 f2 77. Ne3 c4 0-1

[Event "South America-ch U14 12th"]
[Site "Santa Cruz"]
[Date "2015.12.05"]
[Round "6"]
[White "Avila, Carlos Alejandro"]
[Black "Falcon, Benjamin"]
[Result "1-0"]
[WhiteElo "1990"]
[BlackElo "1978"]
[PlyCount "91"]
[EventDate "2015.12.02"]
[EventType "swiss"]
[EventRounds "9"]
[EventCountry "BOL"]
[SourceTitle "CBM 170 Extra"]
[Source "ChessBase"]
[SourceDate "2016.02.25"]
[SourceVersion "1"]
[SourceVersionDate "2016.02.25"]
[SourceQuality "1"]

1. e4 e5 2. Nf3 Nc6 3. Bc4 Nf6 4. d3 Bc5 5. c3 a6 6. b4 Ba7 7. 0-0 d6 8. Nbd2 0-0 9. h3 Ne7 10. Re1 Ng6 11. Nf1 Qe7 12. Ng3 Be6 13. Qb3 c6 14. Bxe6 Qxe6 15. Qxe6 fxe6 16. d4 Nd7 17. Rd1 exd4 18. Nxd4 Bxd4 19. Rxd4 d5 20. exd5 exd5 21. c4 Nb6 22. cxd5 Nxd5 23. a4 Ne5 24. Bb2 Nd7 25. Rad1 N7b6 26. a5 Nd7 27. Ne4 Rae8 28. f3 Re6 29. R1d2 h6 30. Ng3 N7f6 31. Re2 Rxe2 32. Nxe2 Re8 33. Kf2 Kf7 34. Nf4 g5 35. Nxd5 Nxd5 36. Bc1 Kg6 37. h4 Kf5 38. hxg5 hxg5 39. Rg4 Rg8 40. Bd2 Rg7 41. Rd4 Rh7 42. g4+ Kf6 43. Kg3 Rh1 44. Kg2 Rb1 45. Kg3 Rb2 46. Rxd5 1-0

[Event "BOL-ch"]
[Site "Cobija"]
[Date "2015.07.23"]
[Round "4"]
[White "Avila, Carlos Alejandro"]
[Black "Parraga, Alejandro"]
[Result "1/2-1/2"]
[WhiteElo "1997"]
[BlackElo "2185"]
[PlyCount "102"]
[EventDate "2015.07.21"]
[EventType "tourn"]
[EventRounds "9"]
[EventCountry "BOL"]
[SourceTitle "CBM 167 Extra"]
[Source "ChessBase"]
[SourceDate "2015.09.14"]
[SourceVersion "1"]
[SourceVersionDate "2015.09.14"]
[SourceQuality "1"]

1. e4 e6 2. d4 d5 3. Nd2 Nc6 4. Ngf3 Nf6 5. e5 Nd7 6. c3 f6 7. exf6 Qxf6 8. Bd3 Bd6 9. Qc2 g6 10. Nf1 e5 11. dxe5 Ndxe5 12. Nxe5 Nxe5 13. Ng3 0-0 14. 0-0 Qh4 15. Be2 Bd7 16. Qd1 c6 17. Be3 b6 18. Qd2 Ng4 19. Bxg4 Qxg4 20. f3 Qe6 21. Rfe1 Qf7 22. Rad1 Rfe8 23. Bf2 Rxe1+ 24. Rxe1 c5 25. Ne2 Bc6 26. a3 Re8 27. Bg3 Bf8 28. b4 Rd8 29. Bf2 Qf6 30. Qf4 Qd6 31. Qxd6 Bxd6 32. Nc1 Ba4 33. Nd3 Rc8 34. bxc5 bxc5 35. Re6 Bf8 36. Ne5 Bb5 37. f4 Rb8 38. g4 Rb6 39. Rxb6 axb6 40. Kg2 d4 41. cxd4 c4 42. a4 Bxa4 43. Nxc4 Bc6+ 44. Kg3 b5 45. Ne5 Be4 46. Nd7 Be7 47. Nc5 Bd5 48. Be1 Bd6 49. h4 h6 50. g5 h5 51. Bb4 Kf7 1/2-1/2

[Event "Pan American-ch U18"]
[Site "Cali"]
[Date "2015.07.03"]
[Round "9"]
[White "Obando Guzman, Soren Federico"]
[Black "Avila, Carlos Alejandro"]
[Result "1/2-1/2"]
[WhiteElo "1901"]
[BlackElo "1997"]
[PlyCount "41"]
[EventDate "2015.06.28"]
[EventType "swiss"]
[EventRounds "9"]
[EventCountry "COL"]
[SourceTitle "EXT 2016"]
[Source "ChessBase"]
[SourceDate "2015.10.08"]
[SourceVersion "1"]
[SourceVersionDate "2015.10.08"]
[SourceQuality "1"]

1. d4 Nf6 2. c4 g6 3. Nc3 Bg7 4. e4 d6 5. h3 0-0 6. Bg5 c6 7. Nf3 Qc7 8. Qd2 Nbd7 9. Bd3 a6 10. Rc1 e5 11. d5 Nc5 12. Bb1 a5 13. 0-0 Ne8 14. Bh6 f5 15. exf5 Bxf5 16. Bxg7 Nxg7 17. Bxf5 Rxf5 18. Rcd1 Rd8 19. Ng5 Rf4 20. Qe2 Qe7 21. Nce4 1/2-1/2

[Event "Pan American-ch U18"]
[Site "Cali"]
[Date "2015.07.02"]
[Round "8"]
[White "Avila, Carlos Alejandro"]
[Black "Agudelo, Pedro Luis"]
[Result "1/2-1/2"]
[WhiteElo "1997"]
[BlackElo "1809"]
[PlyCount "80"]
[EventDate "2015.06.28"]
[EventType "swiss"]
[EventRounds "9"]
[EventCountry "COL"]
[SourceTitle "EXT 2016"]
[Source "ChessBase"]
[SourceDate "2015.10.08"]
[SourceVersion "1"]
[SourceVersionDate "2015.10.08"]
[SourceQuality "1"]

1. e4 e5 2. Nf3 Nc6 3. Bc4 Bc5 4. c3 Nf6 5. d3 d6 6. Nbd2 0-0 7. 0-0 Bb6 8. Bb3 Be6 9. Qe2 Qd7 10. Nc4 h6 11. Ne3 Rae8 12. Nh4 Ne7 13. g3 d5 14. exd5 Nfxd5 15. Nc4 f6 16. Be3 Bf7 17. Rad1 c6 18. Nxb6 axb6 19. Bc2 g5 20. Ng2 f5 21. c4 Nxe3 22. fxe3 Be6 23. Qd2 c5 24. Qc3 Nc6 25. a3 Qd6 26. Ba4 Bd7 27. b4 Ra8 28. Bxc6 Bxc6 29. d4 exd4 30. exd4 cxb4 31. axb4 Bxg2 32. Kxg2 Ra2+ 33. Rd2 Rxd2+ 34. Qxd2 Qc6+ 35. d5 Qxc4 36. d6 Rf6 37. Rc1 Qe4+ 38. Kg1 Rxd6 39. Rc8+ Kf7 40. Qxd6 Qe1+ 1/2-1/2

[Event "Pan American-ch U18"]
[Site "Cali"]
[Date "2015.06.30"]
[Round "4"]
[White "Avila, Carlos Alejandro"]
[Black "Fernandez Perez, Jorge Andres"]
[Result "0-1"]
[WhiteElo "1997"]
[BlackElo "2066"]
[PlyCount "70"]
[EventDate "2015.06.28"]
[EventType "swiss"]
[EventRounds "9"]
[EventCountry "COL"]
[SourceTitle "EXT 2016"]
[Source "ChessBase"]
[SourceDate "2015.10.08"]
[SourceVersion "1"]
[SourceVersionDate "2015.10.08"]
[SourceQuality "1"]

1. e4 c5 2. Nf3 g6 3. d4 cxd4 4. Nxd4 Bg7 5. c4 Nc6 6. Be3 Nf6 7. Nc3 d6 8. Be2 0-0 9. h3 Bd7 10. 0-0 Nxd4 11. Bxd4 Bc6 12. Qd3 a5 13. b3 Nd7 14. Bxg7 Kxg7 15. f4 Qb6+ 16. Kh1 Kg8 17. Bf3 Nc5 18. Qd2 a4 19. Rab1 axb3 20. axb3 Qb4 21. Qc2 Ne6 22. Bd1 Nd4 23. Qd3 e5 24. Ne2 Ne6 25. Bc2 Ra2 26. Rbc1 exf4 27. Nxf4 Nxf4 28. Rxf4 Qc5 29. Rcf1 Qe5 30. R4f2 Rb2 31. Re2 Re8 32. Rfe1 Re6 33. Bd1 Rxe2 34. Rxe2 Bxe4 35. Qd2 Qf5 0-1

[Event "Pan American-ch U18"]
[Site "Cali"]
[Date "2015.06.29"]
[Round "2"]
[White "Avila, Carlos Alejandro"]
[Black "Galarza Rios, Freddy Gabriel"]
[Result "1-0"]
[WhiteElo "1997"]
[BlackElo "1777"]
[PlyCount "51"]
[EventDate "2015.06.28"]
[EventType "swiss"]
[EventRounds "9"]
[EventCountry "COL"]
[SourceTitle "EXT 2016"]
[Source "ChessBase"]
[SourceDate "2015.10.08"]
[SourceVersion "1"]
[SourceVersionDate "2015.10.08"]
[SourceQuality "1"]

1. e4 c5 2. Nf3 Nc6 3. d4 cxd4 4. Nxd4 Nf6 5. Nc3 e5 6. Ndb5 d6 7. Bg5 a6 8. Na3 b5 9. Nd5 Qa5+ 10. Bd2 Qd8 11. Nxf6+ gxf6 12. c4 bxc4 13. Nxc4 f5 14. exf5 Bxf5 15. Bc3 Be6 16. Bd3 Rc8 17. b3 Qg5 18. Be4 Bxc4 19. bxc4 Qf4 20. Bd5 Ke7 21. g3 Qf5 22. 0-0 Rg8 23. Rb1 Nd8 24. Rb6 h5 25. Rxd6 h4 26. Bb4 1-0

[Event "Pan American-ch U18"]
[Site "Cali"]
[Date "2015.06.28"]
[Round "1"]
[White "Cuellar, Diego"]
[Black "Avila, Carlos Alejandro"]
[Result "1-0"]
[WhiteElo "2332"]
[BlackElo "1997"]
[PlyCount "91"]
[EventDate "2015.06.28"]
[EventType "swiss"]
[EventRounds "9"]
[EventCountry "COL"]
[SourceTitle "EXT 2016"]
[Source "ChessBase"]
[SourceDate "2015.10.08"]
[SourceVersion "1"]
[SourceVersionDate "2015.10.08"]
[SourceQuality "1"]

1. e4 c5 2. Nc3 d6 3. f4 Nc6 4. Nf3 g6 5. Bc4 e6 6. 0-0 Bg7 7. d3 Nge7 8. Qe1 0-0 9. f5 exf5 10. Qh4 h5 11. Bg5 Qc7 12. Rae1 a6 13. a4 Kh8 14. Ne2 f6 15. Bc1 Ne5 16. Nxe5 dxe5 17. Ng3 f4 18. Nxh5 g5 19. Qf2 Bg4 20. Nxg7 Kxg7 21. Bd2 a5 22. g3 Bh3 23. gxf4 Bxf1 24. fxg5 fxg5 25. Qg3 Qd6 26. Rxf1 Rxf1+ 27. Kxf1 Ng6 28. Bxg5 Qd7 29. b3 Qd4 30. Be6 Qa1+ 31. Kg2 Qd1 32. Qf2 Rf8 33. Bf5 Qh5 34. h4 b6 35. Kh3 Rh8 36. Qg3 Re8 37. Bg4 Qh8 38. h5 Rf8 39. h6+ Kh7 40. Bf5 Qg8 41. Qxe5 Qf7 42. Qd6 Rg8 43. Kg4 Kh8 44. Qf6+ Qxf6 45. Bxf6+ Kh7 46. Kh5 1-0

[Event "Cochabamba op 1st"]
[Site "Cochabamba"]
[Date "2015.01.31"]
[Round "6"]
[White "Avila, Carlos Alejandro"]
[Black "Borda Rivera, Carla Wendy"]
[Result "1/2-1/2"]
[WhiteElo "1911"]
[BlackElo "2001"]
[PlyCount "97"]
[EventDate "2015.01.29"]
[EventType "swiss"]
[EventRounds "7"]
[EventCountry "BOL"]
[SourceTitle "CBM 164 Extra"]
[Source "ChessBase"]
[SourceDate "2015.03.02"]
[SourceVersion "1"]
[SourceVersionDate "2015.03.02"]
[SourceQuality "1"]

1. e4 c6 2. d4 d5 3. Nc3 dxe4 4. Nxe4 Bf5 5. Ng3 Bg6 6. h4 h6 7. Nf3 Nd7 8. h5 Bh7 9. Bd3 Bxd3 10. Qxd3 e6 11. Bf4 Qa5+ 12. Bd2 Bb4 13. c3 Bd6 14. c4 Qc7 15. Ne4 Ngf6 16. Nxd6+ Qxd6 17. 0-0-0 b5 18. Rhe1 bxc4 19. Qxc4 Qd5 20. Qxd5 cxd5 21. Rh1 Ne4 22. Be3 Ke7 23. Rd3 Rhc8+ 24. Kb1 Rab8 25. Nd2 Nc3+ 26. Ka1 Na4 27. b3 Nc3 28. f3 Ne2 29. Kb2 Rb6 30. Nf1 Rbc6 31. Rd2 Nc3 32. Ng3 Nb5 33. Ne2 Nb6 34. Rc1 Rxc1 35. Nxc1 Nd6 36. Rd3 Rb8 37. Kc2 Nb5 38. Kd2 Rc8 39. Ne2 Kd7 40. Nc3 Nd6 41. g4 a6 42. a4 Ndc4+ 43. Kc2 Na5 44. Bd2 Nc6 45. Kd1 Rb8 46. Na2 Rb7 47. Ke1 f6 48. Kf2 Ke7 49. f4 1/2-1/2

[Event "Cochabamba op 1st"]
[Site "Cochabamba"]
[Date "2015.01.31"]
[Round "5"]
[White "Avila, Carlos Alejandro"]
[Black "Molina, Jorge"]
[Result "1/2-1/2"]
[WhiteElo "1911"]
[BlackElo "2133"]
[PlyCount "40"]
[EventDate "2015.01.29"]
[EventType "swiss"]
[EventRounds "7"]
[EventCountry "BOL"]
[SourceTitle "CBM 164 Extra"]
[Source "ChessBase"]
[SourceDate "2015.03.02"]
[SourceVersion "1"]
[SourceVersionDate "2015.03.02"]
[SourceQuality "1"]

1. e4 c6 2. d4 d5 3. Nc3 dxe4 4. Nxe4 Bf5 5. Ng3 Bg6 6. h4 h6 7. Nf3 Nd7 8. h5 Bh7 9. Bd3 Bxd3 10. Qxd3 e6 11. Bf4 Qa5+ 12. Bd2 Qc7 13. 0-0-0 Ngf6 14. Kb1 0-0-0 15. c4 Kb8 16. Ne4 Nxe4 17. Qxe4 Nf6 18. Qc2 c5 19. Bc3 Ka8 20. Qe2 Bd6 1/2-1/2

[Event "Mar del Plata Schools 19th"]
[Site "Mar del Plata"]
[Date "2013.11.26"]
[Round "8.3"]
[White "Rengifo Blancas, Renzo Jhonathan"]
[Black "Avila, Carlos Alejandro"]
[Result "1-0"]
[WhiteElo "1777"]
[BlackElo "1918"]
[PlyCount "107"]
[EventDate "2013.11.23"]
[EventType "team-tourn"]
[EventRounds "9"]
[EventCountry "ARG"]
[SourceTitle "CBM 157 Extra"]
[Source "ChessBase"]
[SourceDate "2013.12.19"]
[SourceVersion "1"]
[SourceVersionDate "2013.12.19"]
[SourceQuality "1"]
[WhiteTeam "Peru"]
[BlackTeam "Bolivia"]
[WhiteTeamCountry "PER"]
[BlackTeamCountry "BOL"]

1. e4 c5 2. Nf3 d6 3. d4 cxd4 4. Nxd4 Nf6 5. Nc3 Nc6 6. Bc4 g6 7. Nxc6 bxc6 8. e5 Nd7 9. exd6 exd6 10. 0-0 Be7 11. Bh6 Ne5 12. Bg7 Nxc4 13. Bxh8 Be6 14. Ne2 Qb6 15. b3 Na5 16. Bc3 0-0-0 17. Qd2 Nb7 18. Rfe1 Qc7 19. a4 d5 20. Nd4 Bd6 21. Rxe6 fxe6 22. Nxe6 Bxh2+ 23. Kf1 Qd6 24. Nxd8 Nxd8 25. g3 Bxg3 26. fxg3 Qxg3 27. Qd3 Qxd3+ 28. cxd3 Kd7 29. b4 Ne6 30. Ke2 d4 31. Bd2 Kd6 32. Rh1 Nf8 33. b5 c5 34. Bf4+ Kd5 35. Bb8 h5 36. Bxa7 Ne6 37. b6 Kc6 38. a5 Kb7 39. Rb1 Nd8 40. Rb5 Ka6 41. Rxc5 Nb7 42. Rg5 Nxa5 43. Rxa5+ Kb7 44. Rg5 h4 45. Rxg6 h3 46. Rg7+ Kc6 47. Kf3 h2 48. Kg2 Kb5 49. Kxh2 Kb4 50. b7 Kc3 51. Bxd4+ Kd2 52. b8Q Ke2 53. Qb2+ Kf3 54. Qf2# 1-0

[Event "Mar del Plata Schools 19th"]
[Site "Mar del Plata"]
[Date "2013.11.25"]
[Round "6.3"]
[White "Aguero Centurio, Abel Alejandro"]
[Black "Avila, Carlos Alejandro"]
[Result "1/2-1/2"]
[WhiteElo "1714"]
[BlackElo "1918"]
[PlyCount "180"]
[EventDate "2013.11.23"]
[EventType "team-tourn"]
[EventRounds "9"]
[EventCountry "ARG"]
[SourceTitle "CBM 157 Extra"]
[Source "ChessBase"]
[SourceDate "2013.12.19"]
[SourceVersion "1"]
[SourceVersionDate "2013.12.19"]
[SourceQuality "1"]
[WhiteTeam "Paraguay"]
[BlackTeam "Bolivia"]
[WhiteTeamCountry "PAR"]
[BlackTeamCountry "BOL"]

1. d4 Nf6 2. Nf3 g6 3. Bf4 Bg7 4. e3 d6 5. h3 0-0 6. Be2 b6 7. c4 Bb7 8. 0-0 c5 9. d5 b5 10. Nc3 b4 11. Na4 Nbd7 12. Rb1 Nb6 13. Bd3 Qd7 14. Nxb6 axb6 15. e4 Nh5 16. Bh2 Rxa2 17. e5 dxe5 18. Bxe5 Bxe5 19. Nxe5 Qd6 20. Ng4 Nf6 21. Nxf6+ Qxf6 22. Qe2 b5 23. Rfe1 Re8 24. cxb5 Bxd5 25. Bc4 Bxc4 26. Qxc4 Rxb2 27. Qxc5 e6 28. b6 Rb8 29. Rxb2 Qxb2 30. Qc7 Rf8 31. b7 Qd2 32. Rc1 Kg7 33. Qc8 Re8 34. b8Q Qxc1+ 35. Qxc1 Rxb8 36. Qc7 Rb5 37. Qc4 Rb7 38. Qb3 Kf8 39. g4 Ke7 40. g5 Kd6 41. Kg2 Kc5 42. Qf3 Kb6 43. Qe3+ Ka6 44. Qc5 b3 45. Qa3+ Kb6 46. Qxb3+ Kc7 47. Qc3+ Kd6 48. Qg7 Rb5 49. h4 Rf5 50. Qxh7 Ke7 51. Kg3 e5 52. Qh6 Rf4 53. h5 gxh5 54. Qxh5 Ke6 55. Qh6+ Kd5 56. f3 Kc5 57. g6 fxg6 58. Qxg6 Kd5 59. Qa6 Rd4 60. Qe2 Kd6 61. Qe3 Ke6 62. Kf2 Kd6 63. Kg3 Ke6 64. Qh6+ Ke7 65. Kf2 Kf7 66. Ke3 Ke7 67. Qb6 Kf7 68. Qh6 Ke7 69. Qg6 Rf4 70. Qg7+ Ke6 71. Qg6+ Ke7 72. Qg5+ Ke6 73. Qh6+ Ke7 74. Qg6 Kd7 75. Qb6 Ke7 76. Qc6 Rd4 77. Qc5+ Ke6 78. Kf2 Rf4 79. Kg3 Rd4 80. Qc8+ Ke7 81. Qc6 Rf4 82. Qe4 Rxe4 83. fxe4 Kd6 84. Kg4 Kc5 85. Kg5 Kd6 86. Kf6 Kd7 87. Kf5 Kd6 88. Kf6 Kd7 89. Kxe5 Ke7 90. Kd5 Kd7 1/2-1/2

[Event "American Continental 09th"]
[Site "Cochabamba"]
[Date "2013.05.15"]
[Round "11"]
[White "Avila, Carlos Alejandro"]
[Black "Borda Rivera, Carla Wendy"]
[Result "1/2-1/2"]
[WhiteElo "1848"]
[BlackElo "1950"]
[PlyCount "62"]
[EventDate "2013.05.07"]
[EventType "swiss"]
[EventRounds "11"]
[EventCountry "BOL"]
[SourceTitle "CBM 154 Extra"]
[Source "ChessBase"]
[SourceDate "2013.06.25"]
[SourceVersion "2"]
[SourceVersionDate "2013.06.25"]
[SourceQuality "1"]

1. e4 c6 2. d4 g6 3. c4 Bg7 4. Nc3 d6 5. g3 Nd7 6. Bg2 e5 7. d5 c5 8. Nb5 Nb6 9. b3 a6 10. Nc3 Ne7 11. Nge2 Bg4 12. 0-0 Qd7 13. Rb1 Bh3 14. a3 Bxg2 15. Kxg2 Rc8 16. Qd3 0-0 17. Be3 Na8 18. b4 b6 19. bxc5 bxc5 20. Rb3 h6 21. Rfb1 f5 22. f4 Kh7 23. Rb7 Rc7 24. Rb8 Rxb8 25. Rxb8 Rc8 26. Qb1 Qd8 27. Rb7 Rc7 28. Rb8 Rc8 29. Rb7 Rc7 30. Rb8 Rc8 31. Rb7 Rc7 1/2-1/2

[Event "American Continental 09th"]
[Site "Cochabamba"]
[Date "2013.05.14"]
[Round "10"]
[White "Monroy, Osvaldo"]
[Black "Avila, Carlos Alejandro"]
[Result "1/2-1/2"]
[WhiteElo "1954"]
[BlackElo "1848"]
[PlyCount "121"]
[EventDate "2013.05.07"]
[EventType "swiss"]
[EventRounds "11"]
[EventCountry "BOL"]
[SourceTitle "CBM 154 Extra"]
[Source "ChessBase"]
[SourceDate "2013.06.25"]
[SourceVersion "2"]
[SourceVersionDate "2013.06.25"]
[SourceQuality "1"]

1. e4 c5 2. Nf3 Nc6 3. d4 cxd4 4. Nxd4 g6 5. Be3 Bg7 6. Nc3 Nf6 7. Qd2 0-0 8. f3 d5 9. Nxc6 bxc6 10. e5 Ne8 11. f4 f6 12. exf6 Bxf6 13. Rd1 e5 14. fxe5 Bxe5 15. g3 Nf6 16. Bg2 Bg4 17. Ne2 Bxe2 18. Qxe2 Bxb2 19. 0-0 Qe7 20. c4 Ba3 21. Qd3 Ng4 22. Bd4 Bc5 23. Rfe1 Nf2 24. Rxe7 Nxd3 25. Bxc5 Nxc5 26. cxd5 Rad8 27. Rc1 Nd3 28. Rxc6 Nb4 29. Rcc7 Rf6 30. Rg7+ Kf8 31. Rxh7 Kg8 32. Rhg7+ Kf8 33. Rxa7 Nxd5 34. Rh7 Kg8 35. Rag7+ Kf8 36. Rh8+ Kxg7 37. Rxd8 Nc3 38. Ra8 Ne2+ 39. Kh1 Rb6 40. Bd5 Rb1+ 41. Kg2 Rb2 42. Bc4 Nd4+ 43. Kh3 Nf3 44. g4 Rxh2+ 45. Kg3 Rc2 46. Bd5 Ne5 47. a4 Rc3+ 48. Kf4 Nd3+ 49. Ke4 Ra3 50. a5 Kh6 51. Kd4 Nb4 52. Be4 Ra4 53. Kc5 Na6+ 54. Rxa6 Rxe4 55. Rb6 Rxg4 56. Rb4 Rg1 57. Ra4 Rc1+ 58. Kd6 Rd1+ 59. Ke7 Re1+ 60. Kf8 Rf1+ 61. Kg8 1/2-1/2

[Event "American Continental 09th"]
[Site "Cochabamba"]
[Date "2013.05.13"]
[Round "9"]
[White "Avila, Carlos Alejandro"]
[Black "Lopez, Mario Iver"]
[Result "0-1"]
[WhiteElo "1848"]
[BlackElo "2197"]
[PlyCount "96"]
[EventDate "2013.05.07"]
[EventType "swiss"]
[EventRounds "11"]
[EventCountry "BOL"]
[SourceTitle "CBM 154 Extra"]
[Source "ChessBase"]
[SourceDate "2013.06.25"]
[SourceVersion "2"]
[SourceVersionDate "2013.06.25"]
[SourceQuality "1"]

1. e4 c5 2. Nf3 d6 3. d4 cxd4 4. Nxd4 Nf6 5. Nc3 g6 6. Be3 Bg7 7. Be2 a6 8. 0-0 0-0 9. f4 Nc6 10. Kh1 Bd7 11. Bf3 Rc8 12. Bg1 Qc7 13. Qd2 e6 14. Rad1 Rfd8 15. Nb3 Na5 16. Qxd6 Qxd6 17. Rxd6 Nc4 18. Rd4 Nxb2 19. Nd1 Bb5 20. Rf2 Nxd1 21. Bxd1 Nxe4 22. Rxe4 Rxd1 23. a4 Bc6 24. Ree2 Bxa4 25. Rd2 Rd8 26. Rxd8+ Rxd8 27. h3 Bxb3 28. cxb3 Rd1 29. g3 Rxg1+ 30. Kxg1 Bd4 31. Kf1 Bxf2 32. Kxf2 Kf8 33. Ke3 Ke7 34. Kd4 Kd6 35. g4 f6 36. h4 e5+ 37. fxe5+ fxe5+ 38. Ke4 a5 39. h5 b5 40. hxg6 hxg6 41. g5 a4 42. bxa4 bxa4 43. Kd3 a3 44. Kc2 e4 45. Kb3 e3 46. Kxa3 e2 47. Kb2 e1Q 48. Kb3 Kc5 0-1

[Event "American Continental 09th"]
[Site "Cochabamba"]
[Date "2013.05.12"]
[Round "8"]
[White "Parraga, Alejandro"]
[Black "Avila, Carlos Alejandro"]
[Result "1/2-1/2"]
[WhiteElo "2163"]
[BlackElo "1848"]
[PlyCount "87"]
[EventDate "2013.05.07"]
[EventType "swiss"]
[EventRounds "11"]
[EventCountry "BOL"]
[SourceTitle "CBM 154 Extra"]
[Source "ChessBase"]
[SourceDate "2013.06.25"]
[SourceVersion "2"]
[SourceVersionDate "2013.06.25"]
[SourceQuality "1"]

1. d4 Nf6 2. c4 c5 3. d5 b5 4. cxb5 a6 5. b6 e6 6. Nc3 Nxd5 7. Nxd5 exd5 8. Qxd5 Nc6 9. e4 Be7 10. Bc4 0-0 11. Nf3 Qxb6 12. 0-0 d6 13. Qd3 Be6 14. Bxe6 fxe6 15. Qc4 Nd8 16. Qb3 Qb5 17. Qc2 d5 18. exd5 exd5 19. Bg5 Bf6 20. Rac1 Ne6 21. Qf5 Qd7 22. Bxf6 Rxf6 23. Qe5 Raf8 24. Rcd1 Nf4 25. Kh1 Qg4 26. Qg5 Qxg5 27. Nxg5 Rg6 28. Nf3 Nxg2 29. Ne5 Rg5 30. Nd7 Rf7 31. Nxc5 Nf4 32. Rd4 Ne2 33. Rb4 h6 34. f4 Rgf5 35. Nxa6 d4 36. Rb8+ Kh7 37. Nb4 Rd7 38. Nd3 g5 39. Re8 Nxf4 40. a4 Rfd5 41. Rf3 Rb7 42. Nxf4 gxf4 43. Rd3 Rc5 44. Re4 1/2-1/2

[Event "Pan American-ch U10"]
[Site "Cali"]
[Date "2011.07.07"]
[Round "7"]
[White "Vasquez Jimenez, Cristhian"]
[Black "Avila, Carlos Alejandro"]
[Result "0-1"]
[WhiteElo "1615"]
[BlackElo "1985"]
[PlyCount "45"]
[EventDate "2011.07.03"]
[EventType "swiss"]
[EventRounds "9"]
[EventCountry "COL"]
[SourceTitle "CBM 143 Extra"]
[Source "ChessBase"]
[SourceDate "2011.08.29"]
[SourceVersion "1"]
[SourceVersionDate "2011.08.29"]
[SourceQuality "1"]

1. e4 c5 2. Nf3 e6 3. Nc3 a6 4. d4 cxd4 5. Nxd4 Qc7 6. g3 Nf6 7. Bg2 Be7 8. Bf4 d6 9. Be3 Nbd7 10. 0-0 0-0 11. Qe2 Re8 12. Rad1 Bf8 13. Nf3 e5 14. a3 b5 15. Bg5 Bb7 16. Rfe1 Rac8 17. Rd2 h6 18. Bh4 b4 19. Bxf6 bxc3 20. Rd3 Nxf6 21. Rxc3 Qb6 22. Re3 Ng4 23. Nh4 0-1